000
00333 a2200157 4500
001
152942
040
_c
Escola São Tomás de Aquino
100
_a
ORTHOF, Sylvia
240
1
0
_a
Faz de conto
_l
por
245
1
0
_a
Faz de conto
300
_a
63
362
0
_a
2006
440
1
_a
Global
697
_a
*LITERATURA INFANTO
942
_c
BK
999
_c
152942
_d
152942